| 000 | 00475nam a2200181 i 4500 | ||
|---|---|---|---|
| 001 | 54855 | ||
| 003 | ES-MaACL | ||
| 005 | 20230906163032.0 | ||
| 007 | t| | ||
| 008 | 040119q19101920ag ||||1| spa d | ||
| 100 | 1 |
_aGallardo, Angel. _953477 |
|
| 245 | 1 | 0 |
_aZoología / _cAngel Gallardo. |
| 250 | _a5ª ed. | ||
| 260 |
_aBuenos Aires : _bAngel Estrada, _c[191-?] |
||
| 300 |
_a474 p. : _bil. ; _c21 cm. |
||
| 500 | _aFecha del prólogo: 1909. | ||
| 852 |
_aES-MaACL _jD-807 |
||
| 999 |
_c54855 _d54855 |
||